| 000 | 00654nam a2200217 a 4500 | ||
|---|---|---|---|
| 999 |
_c6440 _d6440 |
||
| 003 | PK-NaQUE | ||
| 005 | 20250129093814.0 | ||
| 008 | 250129b ||||| |||| 00| 0 eng d | ||
| 020 | _a0672321424 (paperback) | ||
| 020 | _a9780672321429 (paperback) | ||
| 040 | _cQUEST | ||
| 082 | _a005.133MOR | ||
| 100 | 1 | _aMorrison, Michael. | |
| 245 | 1 | 0 | _aSams Teach Yourself Wireless Java with J2Me in 21 days |
| 260 |
_aNew Delhi _bTeachmedia _c2001. |
||
| 300 | _aXIV,576 p. ; | ||
| 650 | _aJava (Computer program language) | ||
| 650 | _aWireless communication systems | ||
| 856 | 4 | 0 |
_uhttp://10.10.170.122:8080/browse/book/19166 _yeBook |
| 942 |
_cBK _2ddc |
||